Stolice krajów związkowych Austrii - Statystyki

Ogólne statystyki
  • Ten quiz został rozwiązany 62 razy
  • Średni wynik to 6 z 9
Statystyki odpowiedzi
land stolica % Poprawnych
Wiedeń (miasto) Wiedeń
94%
Górna Austria Linz
90%
Styria Graz
87%
Tyrol Innsbruck
87%
Salzburg Salzburg
87%
Burgenland Eisenstadt
52%
Vorarlberg Bregencja
39%
Dolna Austria Sankt Polten
39%
Karyntia Klagenfurt am Worthersee
29%
Nie znaleziono quizów pasujących do podanych kryteriów
Rozkład punktacji
Procent ludzi z każdym wynikiem
Percentyl według liczby udzielonych odpowiedzi
Twoja historia wyników
Nie rozwiązałeś tego quizu